000 01824cam a22004694i 4500
003 PE-LiUPU
005 20250731173050.0
008 180108s2017 inu0 rb 000 0 eng d
020 _a9781575064963
035 _a(Sirsi) a240893
040 _aPE-LiUPU
_bspa
_cPE-LiUPU
_erda
049 _aPRUA
082 0 4 _a222.32066
_bB38
_223
100 1 _aBeldman, David J. H.,
_eautor.
245 1 4 _aThe completion of Judges :
_bstrategies of ending in Judges 17-21 /
_cDavid J.H. Beldman.
264 1 _aIndiana :
_bEisenbrauns;
_c2017.
300 _aIX, 166 páginas ;
_c24 centímetros.
336 _atext
_2rdacontent
337 _aunmediated
_2rdamedia
338 _avolume
_2rdacarrier
490 0 _aSiphrut : literature and theology of the Hebrew Scriptures ;
_v21
504 _aBibliografía : páginas 147-160.
505 0 _aThe composition of Judges: a selective survey -- The end of narrative: emplotment and the configuration of time in narrative theory -- Interlude: strategies of ending -- The strategy of circularity in Judges 17-21 -- The strategy of entrapment in Judges 17-21 -- Narrative temporality and the strategy of ending in Judges.
526 _aSEG42
526 _aSEG41
526 _aSEG40
526 _aSEG39
526 _aP94
526 _aP87
526 _aP86
526 _aP85
526 _aP77
526 _aP76
526 _aP35
630 0 4 _aBiblia.
_pA.T.
_pJueces, XVII-XXI
_xCrítica, Redacción.
910 _adbm
_bksl
_cksl
_d20180108
942 _2ddc
_cBOOK
994 _aC0
_bPEPRU
596 _a1
999 _a222.32066 B38
_wLC
_c26588
_i77934
_f2021-11-9
_g4
_lCCODEBUL1
_mBUL
_p27.70
_r0
_sY
_tBOOK
_u2018-1-8
_xTEOLOGIA
_PP85
_0COMPRA
_o.STAFF. Colección Teología
_d26588
980 _81
_gALBERTO SANCHEZ Responsable de Automatización